[Event "Vilnius op"]
[Site "Vilnius"]
[Date "2011.11.21"]
[Round "3"]
[White "Dinter, Brian"]
[Black "Gurbanov, Andrei"]
[Result "0-1"]
[WhiteElo "2069"]
[BlackElo "2232"]
[PlyCount "92"]
[EventDate "2011.11.19"]
[EventType "swiss"]
[EventRounds "9"]
[EventCountry "LTU"]
[SourceTitle "CBM 145 Extra"]
[Source "ChessBase"]
[SourceDate "2012.01.03"]
[SourceVersion "1"]
[SourceVersionDate "2012.01.03"]
[SourceQuality "1"]

1. d4 d5 2. Bf4 Nf6 3. e3 c6 4. c4 e6 5. Nc3 Be7 6. h3 0-0 7. Nf3 Nbd7 8. cxd5 exd5 9. Bd3 Re8 10. 0-0 Nf8 11. Rc1 Ng6 12. Bh2 Bd6 13. Bxd6 Qxd6 14. Bxg6 hxg6 15. Ne5 Bf5 16. a3 Re7 17. b4 a6 18. Na4 Rae8 19. Nc5 Nh7 20. Nf3 g5 21. Nh2 Nf6 22. Re1 g6 23. Ng4 Bxg4 24. hxg4 Kg7 25. g3 Qb8 26. Nd3 Qc8 27. Ne5 Ne4 28. Kg2 f6 29. Nd3 Nd6 30. a4 Nc4 31. Qf3 Qd8 32. a5 Nd6 33. Qd1 Qc8 34. Nc5 Nf7 35. Rc3 Nh6 36. f3 Nf7 37. Kf2 Nd6 38. Qc1 Qb8 39. Rh1 f5 40. e4 dxe4 41. Qxg5 Nf7 42. Qh4 Qd8 43. gxf5 Qxd4+ 44. Re3 Qd2+ 45. Re2 e3+ 46. Kf1 Qd1+ 0-1

[Event "Rijeka Paris Memorial op"]
[Site "Rijeka"]
[Date "2011.10.22"]
[Round "5"]
[White "Dizdarevic, Mirsad"]
[Black "Dinter, Brian"]
[Result "0-1"]
[WhiteElo "1951"]
[BlackElo "2069"]
[PlyCount "104"]
[EventDate "2011.10.17"]
[EventType "swiss"]
[EventRounds "9"]
[EventCountry "CRO"]
[SourceTitle "EXT 2013"]
[Source "ChessBase"]
[SourceDate "2012.11.22"]
[SourceVersion "1"]
[SourceVersionDate "2012.11.22"]
[SourceQuality "1"]

1. d4 d5 2. Nf3 Nf6 3. g3 c6 4. Bg2 Bf5 5. 0-0 e6 6. Nbd2 h6 7. Ne5 Nbd7 8. c3 Qc7 9. Nxd7 Nxd7 10. e4 dxe4 11. Nxe4 Bxe4 12. Bxe4 Nf6 13. Bg2 Be7 14. Bf4 Bd6 15. Bd2 0-0 16. Qf3 Be7 17. a3 a5 18. Bf4 Qb6 19. b4 axb4 20. axb4 Nd5 21. Bd2 Ra6 22. Qg4 Nf6 23. Qe2 Rfa8 24. Rxa6 Rxa6 25. Rb1 Ra2 26. Qd3 Ra3 27. h3 Nd5 28. b5 c5 29. Qc4 cxd4 30. cxd4 Bf6 31. Bxd5 exd5 32. Qxd5 Bxd4 33. Be1 Rxg3+ 34. Kf1 Rxh3 35. Qd7 Rh1+ 36. Kg2 Rh5 37. Qe8+ Kh7 38. Qxf7 Rg5+ 39. Kf1 Rxb5 40. Rxb5 Qxb5+ 41. Kg1 Qb1 42. Kg2 Qxe1 43. Qf5+ g6 44. Qd7+ Bg7 45. Qxb7 h5 46. Qc7 Qe4+ 47. Kh3 Qf3+ 48. Kh2 Qxf2+ 49. Kh1 Qf3+ 50. Kh2 h4 51. Qd7 Kh6 52. Qd2+ Kh5 0-1

[Event "Rijeka Paris Memorial op"]
[Site "Rijeka"]
[Date "2011.10.19"]
[Round "3"]
[White "Cucancic, Sinisa"]
[Black "Dinter, Brian"]
[Result "1/2-1/2"]
[WhiteElo "2266"]
[BlackElo "2069"]
[PlyCount "94"]
[EventDate "2011.10.17"]
[EventType "swiss"]
[EventRounds "9"]
[EventCountry "CRO"]
[SourceTitle "EXT 2013"]
[Source "ChessBase"]
[SourceDate "2012.11.22"]
[SourceVersion "1"]
[SourceVersionDate "2012.11.22"]
[SourceQuality "1"]

1. d4 d5 2. Nf3 Nf6 3. e3 c6 4. c4 Bf5 5. Nc3 e6 6. Be2 Be7 7. Nh4 dxc4 8. Nxf5 exf5 9. Bxc4 0-0 10. 0-0 Nbd7 11. Qc2 g6 12. Rd1 Nb6 13. Bb3 Rc8 14. a3 Qc7 15. Qe2 Rfd8 16. Bd2 Bd6 17. g3 Qe7 18. Rac1 h5 19. h4 Bc7 20. Be1 Nbd5 21. Nxd5 Nxd5 22. Bc4 Rd7 23. Qc2 Re8 24. Bd2 Qf6 25. Bf1 Bb6 26. b4 f4 27. exf4 Bxd4 28. Re1 Red8 29. Bh3 Re7 30. Rxe7 Nxe7 31. f5 Qd6 32. Bf4 Be5 33. Be3 Qd3 34. fxg6 Nxg6 35. Bxa7 Qxa3 36. Bc5 Qf3 37. Bf1 Bd4 38. Bg2 Qg4 39. Re1 Bxc5 40. Qxc5 Rd1 41. Rxd1 Qxd1+ 42. Kh2 Qe2 43. f4 Ne7 44. Qg5+ Kf8 45. Qh6+ Kg8 46. Qg5+ Kf8 47. Qc5 Kg8 1/2-1/2

[Event "Di Roseto op 1st"]
[Site "Di Roseto"]
[Date "2010.06.12"]
[Round "9"]
[White "Dinter, Brian"]
[Black "Ori, Marco"]
[Result "0-1"]
[WhiteElo "2116"]
[BlackElo "2106"]
[PlyCount "56"]
[EventDate "2010.06.04"]
[EventType "swiss"]
[EventRounds "9"]
[EventCountry "ITA"]
[SourceTitle "CBM 136 Extra"]
[Source "ChessBase"]
[SourceDate "2010.07.02"]
[SourceVersion "2"]
[SourceVersionDate "2010.07.15"]
[SourceQuality "1"]

1. d4 Nf6 2. Bf4 g6 3. e3 Bg7 4. Nf3 d6 5. h3 0-0 6. Be2 c5 7. c3 b6 8. 0-0 Bb7 9. Nbd2 Nbd7 10. Bh2 Rc8 11. a4 a6 12. Re1 Rc7 13. Qb3 Qa8 14. Rad1 h6 15. Bf1 Ne4 16. Nxe4 Bxe4 17. Nd2 Bb7 18. Qa3 Rfc8 19. Nb3 Kh7 20. Qa2 Rf8 21. c4 cxd4 22. exd4 Bf6 23. a5 b5 24. c5 Re8 25. cxd6 exd6 26. Bxd6 Rcc8 27. Nc5 Bd5 28. Qa3 Qc6 0-1

[Event "Di Roseto op 1st"]
[Site "Di Roseto"]
[Date "2010.06.04"]
[Round "1"]
[White "Dinter, Brian"]
[Black "Pap, Misa"]
[Result "0-1"]
[WhiteElo "2116"]
[BlackElo "2504"]
[PlyCount "65"]
[EventDate "2010.06.04"]
[EventType "swiss"]
[EventRounds "9"]
[EventCountry "ITA"]
[SourceTitle "CBM 136 Extra"]
[Source "ChessBase"]
[SourceDate "2010.07.02"]
[SourceVersion "2"]
[SourceVersionDate "2010.07.15"]
[SourceQuality "1"]

1. d4 Nf6 2. Bf4 c5 3. e3 e6 4. c3 Be7 5. Nd2 0-0 6. h3 Nd5 7. Bg3 f5 8. Bxb8 Rxb8 9. Ngf3 b5 10. Be2 f4 11. e4 Ne3 12. fxe3 Bh4+ 13. Kf1 fxe3 14. g3 Bxg3 15. Kg2 Bf4 16. Nf1 Bb7 17. Bd3 Qf6 18. Rg1 c4 19. Bc2 Qg6+ 20. Kh1 Qh5 21. N1h2 Qxh3 22. Qf1 Qh6 23. Rg2 Rf7 24. Qe2 Rbf8 25. Rf1 Qh3 26. Kg1 Bg3 27. Kh1 Bxh2 28. Rxh2 Qxf1+ 29. Qxf1 Rxf3 30. Qe2 Rf1+ 31. Kg2 R8f2+ 32. Kh3 Rxe2 33. Rxe2 0-1

[Event "EU-ch 11th"]
[Site "Rijeka"]
[Date "2010.03.10"]
[Round "5"]
[White "Winkler, Stefan2222"]
[Black "Dinter, Brian"]
[Result "1/2-1/2"]
[WhiteElo "1855"]
[BlackElo "2110"]
[PlyCount "151"]
[EventDate "2010.03.06"]
[EventType "swiss"]
[EventRounds "11"]
[EventCountry "CRO"]
[SourceTitle "CBM 136"]
[Source "ChessBase"]
[SourceDate "2010.05.18"]
[SourceVersion "1"]
[SourceVersionDate "2010.05.18"]
[SourceQuality "1"]

1. e4 c6 2. d4 g6 3. Nf3 d5 4. e5 Bg7 5. h3 Nh6 6. g4 f6 7. Bf4 0-0 8. Qd2 Nf7 9. c4 Be6 10. b3 c5 11. Nc3 Nc6 12. dxc5 dxc4 13. exf6 Bxf6 14. bxc4 Qa5 15. Rc1 Nfe5 16. Nxe5 Bxe5 17. Be3 Rad8 18. Nd5 Qxd2+ 19. Bxd2 Bd4 20. Be3 Bxe3 21. fxe3 Bc8 22. Be2 e6 23. Nc3 Ne5 24. Ne4 Bd7 25. Rf1 Bc6 26. Rxf8+ Rxf8 27. Ng5 Rf6 28. h4 h6 29. Nh3 Nf3+ 30. Bxf3 Rxf3 31. Nf4 Rxe3+ 32. Kd2 Re4 33. Nxg6 Rxg4 34. Ne7+ Kf7 35. Nxc6 bxc6 36. Rb1 Rxc4 37. Rb7+ Kf6 38. Rxa7 Rxc5 39. a4 Kf5 40. Kd3 e5 41. a5 Kg4 42. a6 Kxh4 43. Rc7 h5 44. Ke4 Kg4 45. Rg7+ Kh3 46. Rg5 h4 47. Rg6 Kh2 48. a7 Ra5 49. Rxc6 Rxa7 50. Kxe5 Rf7 51. Rg6 h3 52. Ke4 Rf2 53. Ke3 Rg2 54. Rh6 Rg7 55. Kf2 Rf7+ 56. Ke3 Kg2 57. Rg6+ Kh1 58. Ke2 Rf5 59. Rg7 Kh2 60. Rg6 Ra5 61. Rg7 Ra2+ 62. Kf1 Rg2 63. Rh7 Rg4 64. Kf2 Rf4+ 65. Ke3 Rf1 66. Ke2 Rg1 67. Kf2 Rg6 68. Kf1 Rf6+ 69. Ke2 Kg2 70. Rg7+ Kh1 71. Rh7 h2 72. Rg7 Ra6 73. Rg5 Ra2+ 74. Kf1 Ra1+ 75. Kf2 Rg1 76. Rh5 1/2-1/2

[Event "Topusko op"]
[Site "Topusko"]
[Date "2009.11.23"]
[Round "6"]
[White "Petricevic, Petar"]
[Black "Dinter, Brian"]
[Result "1-0"]
[WhiteElo "1980"]
[BlackElo "2137"]
[PlyCount "77"]
[EventDate "2009.11.20"]
[EventType "swiss"]
[EventRounds "7"]
[EventCountry "CRO"]
[SourceTitle "CBM 133 Extra"]
[Source "ChessBase"]
[SourceDate "2010.01.05"]
[SourceVersion "1"]
[SourceVersionDate "2010.01.05"]
[SourceQuality "1"]

1. d4 d5 2. e3 Nf6 3. Bd3 g6 4. Nd2 Bg7 5. f4 0-0 6. Ngf3 b6 7. Qe2 c5 8. c3 Qc7 9. g3 Bh3 10. Ng5 Bg4 11. Qg2 Qc8 12. h3 Bf5 13. Be2 h6 14. Ngf3 Ne4 15. g4 Nxd2 16. Nxd2 Bd7 17. Bd3 e6 18. Nf3 Nc6 19. Rg1 Rb8 20. h4 Ne7 21. h5 Be8 22. g5 Nf5 23. gxh6 Bxh6 24. Ne5 Qd8 25. hxg6 Qh4+ 26. Kd1 f6 27. Bxf5 fxe5 28. Bxe6+ Kg7 29. Rh1 Qf6 30. Bf7 Bxf7 31. gxf7+ Kxf7 32. Qxd5+ Ke7 33. Qxe5+ Qxe5 34. dxe5 Bg7 35. Rh7 Kf7 36. Bd2 Kg6 37. Rh2 Kf5 38. Ke2 Ke4 39. Rh7 1-0

[Event "Venice Autumn op 15th"]
[Site "Venice"]
[Date "2009.11.01"]
[Round "5"]
[White "Xia, Jie"]
[Black "Dinter, Brian"]
[Result "1/2-1/2"]
[WhiteElo "2241"]
[BlackElo "2118"]
[PlyCount "55"]
[EventDate "2009.10.30"]
[EventType "swiss"]
[EventRounds "5"]
[EventCountry "ITA"]
[SourceTitle "EXT 2012"]
[Source "ChessBase"]
[SourceDate "2011.11.24"]
[SourceVersion "1"]
[SourceVersionDate "2011.11.24"]
[SourceQuality "1"]

1. e4 c6 2. d4 d5 3. Nc3 g6 4. Nf3 Bg4 5. Be3 Bg7 6. h3 Bxf3 7. Qxf3 e6 8. 0-0-0 Nd7 9. g4 Ne7 10. Qg3 Nf6 11. f3 Qa5 12. e5 Nd7 13. Kb1 b5 14. f4 b4 15. Ne2 c5 16. dxc5 Nxc5 17. Bxc5 Qxc5 18. Nd4 Rb8 19. f5 Nc6 20. Nxc6 Qxc6 21. Bd3 Qc7 22. Rde1 a5 23. h4 a4 24. h5 g5 25. Qe3 h6 26. fxe6 fxe6 27. Bg6+ Ke7 28. Rhf1 1/2-1/2

[Event "Venice Autumn op 15th"]
[Site "Venice"]
[Date "2009.10.31"]
[Round "3"]
[White "Dinter, Brian"]
[Black "Mileto, Gabriele"]
[Result "1-0"]
[WhiteElo "2118"]
[BlackElo "2192"]
[PlyCount "125"]
[EventDate "2009.10.30"]
[EventType "swiss"]
[EventRounds "5"]
[EventCountry "ITA"]
[SourceTitle "EXT 2012"]
[Source "ChessBase"]
[SourceDate "2011.11.24"]
[SourceVersion "1"]
[SourceVersionDate "2011.11.24"]
[SourceQuality "1"]

1. d4 g6 2. Nf3 Bg7 3. Bf4 d6 4. e3 Nf6 5. h3 0-0 6. Be2 c5 7. c3 cxd4 8. exd4 Nc6 9. 0-0 Re8 10. d5 Ne5 11. Qb3 Ned7 12. a4 Nc5 13. Qa2 Bd7 14. Bb5 a6 15. Bxd7 Qxd7 16. Nd4 Rac8 17. Nd2 Nd3 18. Be3 Qc7 19. Rad1 Ne5 20. c4 Nfd7 21. b3 Qa5 22. Qb1 Nf6 23. f4 Ned7 24. N2f3 Qc3 25. Rd3 Qb4 26. Bd2 Qb6 27. Be3 Qc7 28. Rd2 Nh5 29. Re1 Nc5 30. g4 Nf6 31. Bf2 a5 32. Rde2 Qd7 33. Kg2 e6 34. dxe6 fxe6 35. Rd1 d5 36. Ne5 Qc7 37. Nb5 Qb8 38. Bxc5 Rxc5 39. cxd5 Rxd5 40. Rc1 Red8 41. Qc2 Ne8 42. Rce1 g5 43. Nf3 Qxf4 44. Qc4 Qxc4 45. bxc4 Rd1 46. Rxd1 Rxd1 47. Rxe6 Kf8 48. Nxg5 h6 49. Ne4 Rc1 50. Kf3 Ra1 51. Nc5 Rf1+ 52. Kg2 Rf7 53. Rxe8+ Kxe8 54. Nd6+ Ke7 55. Nxf7 Kxf7 56. Nxb7 Bc3 57. Kf3 Ke6 58. Ke4 Be1 59. c5 Bb4 60. Kd4 Kd7 61. Kd5 Kc7 62. c6 Be1 63. Kc5 1-0

[Event "Senta op-B 13th"]
[Site "Senta"]
[Date "2009.07.21"]
[Round "5"]
[White "Dinter, Brian"]
[Black "Vukasinovic, Dragan"]
[Result "1-0"]
[WhiteElo "2127"]
[BlackElo "2094"]
[PlyCount "95"]
[EventDate "2009.07.18"]
[EventType "swiss"]
[EventRounds "9"]
[EventCountry "YUG"]
[SourceTitle "EXT 2012"]
[Source "ChessBase"]
[SourceDate "2011.11.24"]
[SourceVersion "1"]
[SourceVersionDate "2011.11.24"]
[SourceQuality "1"]

1. d4 Nf6 2. Nf3 e6 3. Bf4 d5 4. e3 b6 5. Bd3 Bb7 6. Nbd2 Nbd7 7. 0-0 c5 8. c3 Be7 9. h3 c4 10. Bc2 b5 11. a4 a6 12. Qe2 0-0 13. e4 dxe4 14. Nxe4 Nxe4 15. Bxe4 Bxe4 16. Qxe4 Nf6 17. Qc6 Qd5 18. axb5 axb5 19. Qc7 Qd7 20. Qxd7 Nxd7 21. Nd2 Nb6 22. Ne4 Ra4 23. Bd6 Bxd6 24. Nxd6 Rfa8 25. Rxa4 bxa4 26. Ra1 Kf8 27. Ne4 Ra5 28. f4 Ke7 29. Nc5 Rb5 30. Ra2 Kd6 31. Kf2 f6 32. Kf3 h5 33. Ke3 Nd5+ 34. Ke4 f5+ 35. Kf3 Nb6 36. Kg3 Ke7 37. Kh4 g6 38. Kg5 Kf7 39. Nb7 Nc8 40. Nd8+ Ke7 41. Nc6+ Kd6 42. Ne5 Kd5 43. Kxg6 h4 44. Kg5 Ke4 45. Nxc4 Rb7 46. Rxa4 Rg7+ 47. Kf6 Rxg2 48. Ra8 1-0

[Event "Brescia op"]
[Site "Brescia"]
[Date "2009.06.11"]
[Round "6"]
[White "Bodiroga, Predrag"]
[Black "Dinter, Brian"]
[Result "1/2-1/2"]
[WhiteElo "2422"]
[BlackElo "2130"]
[PlyCount "21"]
[EventDate "2009.06.06"]
[EventType "swiss"]
[EventRounds "9"]
[EventCountry "ITA"]
[SourceTitle "EXT 2010"]
[Source "ChessBase"]
[SourceDate "2010.11.25"]
[SourceVersion "1"]
[SourceVersionDate "2010.11.25"]
[SourceQuality "1"]

1. d4 d5 2. c4 c6 3. Nc3 Nf6 4. Nf3 dxc4 5. a4 Bf5 6. e3 e6 7. Bxc4 Bb4 8. 0-0 Nbd7 9. Qe2 Bg6 10. e4 0-0 11. e5 1/2-1/2

[Event "Brescia op"]
[Site "Brescia"]
[Date "2009.06.07"]
[Round "2"]
[White "Bentivegna, Francesco"]
[Black "Dinter, Brian"]
[Result "1/2-1/2"]
[WhiteElo "2326"]
[BlackElo "2130"]
[PlyCount "50"]
[EventDate "2009.06.06"]
[EventType "swiss"]
[EventRounds "9"]
[EventCountry "ITA"]
[SourceTitle "EXT 2010"]
[Source "ChessBase"]
[SourceDate "2010.11.25"]
[SourceVersion "1"]
[SourceVersionDate "2010.11.25"]
[SourceQuality "1"]

1. e4 c6 2. Nf3 d5 3. exd5 cxd5 4. Ne5 Nf6 5. d4 Nc6 6. c3 Qb6 7. Bd3 g6 8. Nd2 Bg7 9. Ndf3 0-0 10. 0-0 Ng4 11. Nxc6 bxc6 12. h3 Nf6 13. Re1 e6 14. b4 Ba6 15. Bc2 Qc7 16. Ne5 Nd7 17. Bf4 Nxe5 18. Bxe5 Bxe5 19. Rxe5 Rae8 20. Qd2 f6 21. Ree1 e5 22. h4 e4 23. h5 g5 24. a4 Bc4 25. Qe3 h6 1/2-1/2

[Event "Brescia op"]
[Site "Brescia"]
[Date "2009.06.06"]
[Round "1"]
[White "Dinter, Brian"]
[Black "Majeric, Zoran"]
[Result "1-0"]
[WhiteElo "2130"]
[BlackElo "2281"]
[PlyCount "75"]
[EventDate "2009.06.06"]
[EventType "swiss"]
[EventRounds "9"]
[EventCountry "ITA"]
[SourceTitle "EXT 2010"]
[Source "ChessBase"]
[SourceDate "2010.11.25"]
[SourceVersion "1"]
[SourceVersionDate "2010.11.25"]
[SourceQuality "1"]

1. d4 Nf6 2. Nf3 e6 3. e3 c5 4. c3 b6 5. Bd3 Bb7 6. Nbd2 cxd4 7. exd4 Be7 8. 0-0 d6 9. Qe2 Nbd7 10. Re1 0-0 11. Ng5 Re8 12. Ndf3 Nf8 13. Bb5 N6d7 14. Bf4 a6 15. Bd3 h6 16. Ne4 Nf6 17. Nfd2 Nxe4 18. Nxe4 f5 19. Ng3 Bg5 20. Bxg5 Qxg5 21. Qh5 g6 22. Qxg5 hxg5 23. a4 Kf7 24. Ra3 Bc6 25. Rb3 Red8 26. Ra1 Nd7 27. Nf1 Bd5 28. c4 Be4 29. Bxe4 fxe4 30. f3 exf3 31. Rxf3+ Ke7 32. Nd2 Rf8 33. Ne4 g4 34. Rg3 Rf4 35. Re1 Rc8 36. b3 Nf6 37. Ng5 Rxd4 38. Rxe6+ 1-0

[Event "EU-ch 10th"]
[Site "Budva"]
[Date "2009.03.09"]
[Round "4"]
[White "Chapman, Terry PD"]
[Black "Dinter, Brian"]
[Result "1-0"]
[WhiteElo "2251"]
[BlackElo "2055"]
[PlyCount "115"]
[EventDate "2009.03.06"]
[EventType "swiss"]
[EventRounds "11"]
[EventCountry "MNE"]
[SourceTitle "CBM 130"]
[Source "ChessBase"]
[SourceDate "2009.05.20"]
[SourceVersion "1"]
[SourceVersionDate "2009.05.20"]
[SourceQuality "1"]

1. Nf3 d5 2. c4 c6 3. cxd5 cxd5 4. d4 Nf6 5. Nc3 Nc6 6. Bf4 a6 7. Rc1 e6 8. e3 Bd6 9. Bg5 0-0 10. Bd3 Bd7 11. 0-0 b5 12. a4 b4 13. Nb1 Qb6 14. Nbd2 Rfc8 15. Bxf6 gxf6 16. Nh4 f5 17. Qe2 Ne7 18. Rxc8+ Rxc8 19. Ra1 b3 20. Qd1 Rb8 21. Nhf3 a5 22. g3 f6 23. Be2 Qb7 24. Nb1 Rc8 25. Nc3 Qb4 26. Bb5 Bc6 27. Ra3 Bxb5 28. Nxb5 Rc2 29. Nxd6 Qxd6 30. Rxb3 Qc6 31. Kg2 Rc1 32. Rb8+ Kg7 33. Qb3 Qc4 34. Qxc4 dxc4 35. Rb5 Rc2 36. Ne1 Rc1 37. Nf3 Rc2 38. Ne1 Rc1 39. Kf1 Rb1 40. Rc5 Rxb2 41. Rxc4 Ra2 42. Nd3 Nd5 43. Nf4 Ra1+ 44. Kg2 Kf7 45. Nxd5 exd5 46. Rc7+ Ke6 47. Rxh7 Rxa4 48. h4 Ra1 49. h5 Rb1 50. Ra7 Rb5 51. Kf3 Rb1 52. Ra6+ Kf7 53. Rxa5 Rh1 54. Rxd5 Rxh5 55. Kf4 Ke6 56. Rc5 Rg5 57. f3 Rg8 58. Rxf5 1-0

[Event "EU-ch 10th"]
[Site "Budva"]
[Date "2009.03.07"]
[Round "2"]
[White "Lamoureux, Charles"]
[Black "Dinter, Brian"]
[Result "1-0"]
[WhiteElo "2374"]
[BlackElo "2055"]
[PlyCount "53"]
[EventDate "2009.03.06"]
[EventType "swiss"]
[EventRounds "11"]
[EventCountry "MNE"]
[SourceTitle "CBM 130"]
[Source "ChessBase"]
[SourceDate "2009.05.20"]
[SourceVersion "1"]
[SourceVersionDate "2009.05.20"]
[SourceQuality "1"]

1. e4 c6 2. Nc3 d5 3. Nf3 Bg4 4. h3 Bxf3 5. Qxf3 Nf6 6. d3 e6 7. a3 Nbd7 8. g3 d4 9. Nb1 Qb6 10. Nd2 Be7 11. Qe2 e5 12. h4 0-0-0 13. Bh3 Kb8 14. h5 h6 15. Nf3 Nh7 16. Bxd7 Rxd7 17. Nxe5 Rc7 18. Nc4 Qc5 19. Bf4 Ng5 20. Bxc7+ Kxc7 21. f4 Ne6 22. 0-0 Rg8 23. Kh2 Kc8 24. b4 Qb5 25. Ne5 g5 26. hxg6 fxg6 27. Qg4 1-0

[Event "Nova Gorica op-B 14th"]
[Site "Nova Gorica"]
[Date "2009.02.05"]
[Round "7"]
[White "Skrinjar, Matic"]
[Black "Dinter, Brian"]
[Result "0-1"]
[WhiteElo "1908"]
[BlackElo "2055"]
[PlyCount "82"]
[EventDate "2009.01.31"]
[EventType "swiss"]
[EventRounds "9"]
[EventCountry "SLO"]
[SourceTitle "EXT 2011"]
[Source "ChessBase"]
[SourceDate "2010.11.26"]
[SourceVersion "1"]
[SourceVersionDate "2010.11.26"]
[SourceQuality "1"]

1. e4 c6 2. d4 d5 3. Nc3 dxe4 4. Nxe4 Bf5 5. Ng3 Bg6 6. h4 h6 7. Nf3 Nd7 8. h5 Bh7 9. Bd3 Bxd3 10. Qxd3 e6 11. Bf4 Ngf6 12. 0-0-0 Be7 13. Kb1 0-0 14. Ne5 Nd5 15. Nxd7 Nxf4 16. Qf3 Qxd7 17. Qxf4 Qd5 18. Ne4 Rad8 19. f3 c5 20. Nc3 Qc4 21. Qc7 Bd6 22. Qa5 cxd4 23. Ne4 Bb4 24. Qe5 Rd5 25. Qg3 f5 26. Nd2 Bxd2 27. Rxd2 Ra5 28. a3 e5 29. Re1 f4 30. Qg6 Rb5 31. Rd3 Rc8 32. Re2 Rc6 33. Qe4 a5 34. Rb3 Rcb6 35. Rxb5 Rxb5 36. Qg6 Qc8 37. g3 fxg3 38. Qxg3 Qc3 39. b3 d3 40. Qg6 dxc2+ 41. Rxc2 Rxb3+ 0-1

[Event "Nova Gorica op-B 14th"]
[Site "Nova Gorica"]
[Date "2009.02.02"]
[Round "4"]
[White "Cokan, Mirko"]
[Black "Dinter, Brian"]
[Result "0-1"]
[WhiteElo "1886"]
[BlackElo "2055"]
[PlyCount "96"]
[EventDate "2009.01.31"]
[EventType "swiss"]
[EventRounds "9"]
[EventCountry "SLO"]
[SourceTitle "EXT 2011"]
[Source "ChessBase"]
[SourceDate "2010.11.26"]
[SourceVersion "1"]
[SourceVersionDate "2010.11.26"]
[SourceQuality "1"]

1. e4 c6 2. d4 d5 3. e5 c5 4. dxc5 Nc6 5. Bb5 e6 6. Be3 Qa5+ 7. Nc3 Bd7 8. Bxc6 Bxc6 9. Qd4 Ne7 10. b4 Qc7 11. Nf3 Nf5 12. Qd2 Rd8 13. Bd4 Nxd4 14. Qxd4 Be7 15. 0-0 0-0 16. Rfe1 Bd7 17. a4 a5 18. Rab1 axb4 19. Qxb4 Rb8 20. Nb5 Qxc5 21. Qxc5 Bxc5 22. Red1 Ra8 23. c4 Bc6 24. cxd5 exd5 25. Rbc1 b6 26. Nfd4 Bb7 27. Nb3 Rfc8 28. Nxc5 Rxc5 29. Nd6 Bc6 30. f4 Rxa4 31. Rxc5 bxc5 32. Nc8 Kf8 33. Nb6 Rxf4 34. Nxd5 Bxd5 35. Rxd5 c4 36. Rd7 g5 37. Rc7 h5 38. g3 Re4 39. Kf2 g4 40. Kf1 Ke8 41. Kf2 Kd8 42. Rc6 Kd7 43. e6+ fxe6 44. Rc5 e5 45. Rd5+ Kc6 46. Rd8 Kc5 47. h3 gxh3 48. Kf3 Rd4 0-1